[Event "Sivakasi op 1st"]
[Site "Sivakasi"]
[Date "2015.05.18"]
[Round "3"]
[White "Laxman, Rajaram"]
[Black "Haricharann, DV."]
[Result "1-0"]
[WhiteElo "2424"]
[BlackElo "1635"]
[PlyCount "39"]
[EventDate "2015.05.17"]
[EventType "swiss"]
[EventRounds "9"]
[EventCountry "IND"]
[SourceTitle "CBM 166 Extra"]
[Source "ChessBase"]
[SourceDate "2015.06.18"]
[SourceVersion "1"]
[SourceVersionDate "2015.06.18"]
[SourceQuality "1"]

1. d4 Nf6 2. c4 e6 3. g3 c5 4. d5 exd5 5. cxd5 b5 6. e4 Nxe4 7. Qe2 Qe7 8. Bg2 Nd6 9. Bf4 Bb7 10. Nc3 a6 11. Be3 Nc4 12. d6 Nxd6 13. Bxb7 Nxb7 14. Nd5 Qe4 15. Nc7+ Kd8 16. Bg5+ Qe7 17. Nd5 Ke8 18. Be3 Qe4 19. Nc7+ Kd8 20. Bg5+ 1-0